00617nam a2200205Ia 4500008004100000041001200041082001200053100002000065245006000085260003800145300000800183365000800191520001300199520004100212546001200253630006000265650001300325655001300338730006000351101110s9999 xx 000 0 und d aENGLISH bSR26634 aRogers David F. aProcedural elements for computer graphics , 2nd edition c2004bTata McGraw hill, New delhi a711 b295 aComputer asent to MSC Computer Dept., 6/1/2005 aENGLISH aProcedural elements for computer graphics , 2nd edition aComputer aComputer aProcedural elements for computer graphics , 2nd edition